[Event "France jeunes"]
[Site "?"]
[Date "2012.04.21"]
[Round "9"]
[White "FRANCOIS, Adrien"]
[Black "CAILLE, Hugo"]
[Result "1-0"]
[WhiteElo "1579"]
[BlackElo "1721"]
[PlyCount "73"]
[EventDate "2012.??.??"]
[SourceDate "2012.04.21"]

1. e4 c5 2. Nf3 Nc6 3. Bb5 e6 4. O-O Nge7 5. c3 a6 6. Bxc6 Nxc6 7. d4 cxd4 8.
cxd4 Qc7 9. Nc3 Be7 10. d5 Ne5 11. Bf4 Nxf3+ 12. Qxf3 e5 13. Be3 d6 14. Rac1
Qd7 15. Qd1 b5 16. Qb3 O-O 17. a4 Rb8 18. axb5 axb5 19. Ra1 f5 20. Ra7 Qe8 21.
f3 f4 22. Bf2 Rf6 23. Bh4 Rf7 24. Bxe7 Rxe7 25. Rfa1 b4 26. Ra8 Reb7 27. Rxb8
Rxb8 28. Na2 Qb5 29. Rc1 Ba6 30. h3 Rb6 31. Kh2 h5 32. Rc6 Rxc6 33. dxc6+ Qc4
34. Qxc4+ Bxc4 35. c7 Be6 36. Nxb4 Kf7 37. Nd5 1-0

[Event "France jeunes"]
[Site "?"]
[Date "2012.04.21"]
[Round "9.31"]
[White "Aubrun , Lucas"]
[Black "Belouassa, Aurelien"]
[Result "1-0"]
[WhiteElo "1718"]
[BlackElo "1749"]
[PlyCount "97"]
[SourceDate "2012.04.22"]

1. d4 d5 2. c4 e6 3. Nc3 Be7 4. Bf4 a6 5. e3 Nf6 6. Nf3 O-O 7. cxd5 exd5 8. Be2
Nbd7 9. O-O c6 10. Rb1 Nh5 11. Bg3 Nxg3 12. hxg3 Nf6 13. b4 Bf5 14. Rb2 Ne4 15.
Qb3 a5 16. b5 Nxc3 17. Qxc3 Bb4 18. Qb3 Qd6 19. Bd3 Bxd3 20. Qxd3 f6 21. bxc6
bxc6 22. Ne1 Rab8 23. Nc2 c5 24. dxc5 Bxc5 25. Rfb1 Rxb2 26. Rxb2 Rd8 27. Rb5
a4 28. Ra5 d4 29. exd4 Bxd4 30. Qc4+ Kf8 31. Nxd4 Qxd4 32. Qxa4 Qxa4 33. Rxa4
Rd1+ 34. Kh2 Rd2 35. f3 Kf7 36. g4 Kg6 37. Ra5 Kh6 38. a4 Ra2 39. Kg3 g5 40.
Ra7 Kg6 41. a5 Kh6 42. a6 Kg6 43. Ra8 Kh6 44. a7 Kg7 45. Kh2 Ra1 46. g3 Ra2+
47. Kg1 f5 48. gxf5 h5 49. f6+ 1-0

[Event "France jeunes"]
[Site "?"]
[Date "2012.04.20"]
[Round "8.22"]
[White "Belouassa, Aurelien"]
[Black "Bellhacene, Rayane"]
[Result "0-1"]
[WhiteElo "1749"]
[BlackElo "1912"]
[PlyCount "100"]
[SourceDate "2012.04.22"]

1. d4 Nf6 2. Nf3 e6 3. e3 c5 4. Bd3 b6 5. b3 Bb7 6. Nbd2 cxd4 7. exd4 Bb4 8.
O-O Bc3 9. Rb1 Nc6 10. Bb2 Bxb2 11. Rxb2 Nb4 12. Nc4 Nxd3 13. Qxd3 d6 14. Ncd2
O-O 15. c4 Qc7 16. Re1 Rad8 17. Qc3 Rfe8 18. Ng5 h6 19. Nge4 Nxe4 20. Nxe4 d5
21. Nd2 dxc4 22. bxc4 Rc8 23. Rc1 e5 24. Rbc2 exd4 25. Qxd4 Qc6 26. Qg4 Re6 27.
f3 Rg6 28. Qh4 Re8 29. Qf2 Rge6 30. Nb3 Rg6 31. Nd2 Re5 32. Ne4 Qe6 33. Ng3 Rc5
34. Re1 Qc8 35. Qf1 Re6 36. Rec1 h5 37. Qd3 Qe8 38. Kf2 g6 39. Rd1 h4 40. Ne2
Qc8 41. Kg1 Qe8 42. Kf2 Rf6 43. Nc3 Qe5 44. Kg1 h3 45. Ne4 Bxe4 46. fxe4 hxg2
47. Rxg2 Re6 48. Qd5 Rxd5 49. cxd5 Rd6 50. Re2 f5 0-1